| 000 | 00920cam a22003258a 4500 | ||
|---|---|---|---|
| 001 | 14974876 | ||
| 003 | OSt | ||
| 005 | 20170207153418.0 | ||
| 008 | 070820s2008 stk 001 0 eng | ||
| 010 | _a 2007034669 | ||
| 020 | _a9780723434542 | ||
| 035 | _a(DNLM)101314538 | ||
| 040 |
_aDNLM/DLC _cDLC _dDLC |
||
| 042 | _apcc | ||
| 050 | 0 | 0 |
_aRC76 _b.C6255 2008 |
| 060 | 1 | 0 |
_aWB 200 _bC64046 2008 |
| 082 | 0 | 0 |
_aWB 100 C611o 2008 _222 |
| 100 |
_aOwen, Epstein; [et... al] _911499 |
||
| 245 | 0 | 0 | _aClinical Examination |
| 250 | _a4th ed. | ||
| 260 |
_aEdinburgh ; _c2008. |
||
| 263 | _a0809 | ||
| 300 |
_ax,439p. ; _c29cm. _bcol.ill |
||
| 504 | _aIncludes index. | ||
| 650 | 0 |
_aMedical MCQs _92390 |
|
| 650 | 1 | 2 |
_aPhysical Examination _92398 |
| 856 | 4 | 1 |
_3Table of contents only _uhttp://www.loc.gov/catdir/toc/ecip0725/2007034669.html |
| 906 |
_a7 _brix _corignew _d1 _eecip _f20 _gy-gencatlg |
||
| 942 |
_2z _cSLOAN |
||
| 999 |
_c888 _d888 |
||